แสดงรายละเอียดบรรณานุกรม
  กลับหน้าหลัก

Brief Record : Get Marc (ISO 2709) : E-mail record : QR code ปิดหน้าต่าง
ความรู้พื้นฐานด้านพยาธิวิทยาคลินิก Review โดย
ใช้งานได้ทุกระบบ
ห้องสมุด วพบ.ขอนแก่น
ใช้งานได้ทุกระบบ เมื่อ9/สิงหาคม/2559
สารบัญ
  • บทที่ 1 : งานด้านพยาธิวิทยาคลินิก
  • บทที่ 2 : พื้นฐานการตรวจทางห้องปฏิบัติการ
  • บทที่ 3 : การเก็บสิ่งส่งตรวจทางห้องปฏิบัติการ
  • บทที่ 4 : หลักการทำงาน วิธีการใช้และบำรุงรักษา
  • บทที่ 5 : การควบคุมคุรภาพการปฏิบัติการพยาธิวิทยาคลินิก

E-books : เกี่ยวกับ Collections
LEADER 00000nam 2200000uu 4500
001    210576
003     ULIBM
008    020711s2556 th a 000 0 tha d
020    978-616-11-0088-9
041    ^atha^beng
060  4 QY 25 ส748ค 2556
100    สุคันธนา สิงห์ทอง
245    ความรู้พื้นฐานด้านพยาธิวิทยาคลินิก/^cสุคันธนา สิงห์ทอง.
250    พิมพ์ครั้งที่ 2
260    นนทบุรี :^bโครงการสวัสดิการวิชาการ สถาบันพระบรมราชชนก,^c2556
300    ก-ฉ,136 หน้า :^bภาพประกอบ ;^c26 ซม.
650  4 พยาธิวิทยา
710 2  ^aสถาบันพระบรมราชชนก. โครงการสวัสดิการวิชาการ.
999    ^aใช้งานได้ทุกระบบ
รายการนี้ยังไม่มีแท็ก
คุณยังไม่ได้ล็อกอิน คุณสามารถมีกิจกรรมร่วมกับเว็บไซต์ได้ แต่ต้องล็อกอินก่อน ::
  ล็อกอิน
ลำดับที่ ประเภท เลขเรียก สถานที่ สถานะ
1. วิทยาศาสตร์สุขภาพ
วิทยาศาสตร์สุขภาพ
สถานะ=หนังสือเก่า - บริการ ณ ห้องสมุด (ห้องเหลือง)
QY 25 ส748ค 2556 ฉ.1 
  
วิทยาศาสตร์สุขภาพ On Shelf
  ขอยืม
Note:งบประมาณปี 2558
2. วิทยาศาสตร์สุขภาพ
วิทยาศาสตร์สุขภาพ
สถานะ=หนังสือเก่า - บริการ ณ ห้องสมุด (ห้องเหลือง)
QY 25 ส748ค 2556 ฉ.2 
  
วิทยาศาสตร์สุขภาพ On Shelf
  ขอยืม
Note:งบประมาณปี 2558
3. วิทยาศาสตร์สุขภาพ
วิทยาศาสตร์สุขภาพ
สถานะ=หนังสือเก่า - บริการ ณ ห้องสมุด (ห้องเหลือง)
QY 25 ส748ค 2556 ฉ.3 
  
วิทยาศาสตร์สุขภาพ On Shelf
  ขอยืม
Note:งบประมาณปี 2558
4. วิทยาศาสตร์สุขภาพ
วิทยาศาสตร์สุขภาพ
สถานะ=หนังสือเก่า - บริการ ณ ห้องสมุด (ห้องเหลือง)
QY 25 ส748ค 2556 ฉ.4 
  
วิทยาศาสตร์สุขภาพ On Shelf
  ขอยืม
Note:งบประมาณปี 2558
5. วิทยาศาสตร์สุขภาพ
วิทยาศาสตร์สุขภาพ
สถานะ=หนังสือเก่า - บริการ ณ ห้องสมุด (ห้องเหลือง)
QY 25 ส748ค 2556 ฉ.5 
  
วิทยาศาสตร์สุขภาพ On Shelf
  ขอยืม
Note:งบประมาณปี 2558
6. วิทยาศาสตร์สุขภาพ
วิทยาศาสตร์สุขภาพ
สถานะ=หนังสือเก่า - บริการ ณ ห้องสมุด (ห้องเหลือง)
QY 25 ส748ค 2556 ฉ.6 
  
วิทยาศาสตร์สุขภาพ On Shelf
  ขอยืม
Note:งบประมาณปี 2558
7. วิทยาศาสตร์สุขภาพ
วิทยาศาสตร์สุขภาพ
สถานะ=หนังสือเก่า - บริการ ณ ห้องสมุด (ห้องเหลือง)
QY 25 ส748ค 2556 ฉ.7 
  
วิทยาศาสตร์สุขภาพ On Shelf
  ขอยืม
Note:งบประมาณปี 2558
8. วิทยาศาสตร์สุขภาพ
วิทยาศาสตร์สุขภาพ
สถานะ=หนังสือเก่า - บริการ ณ ห้องสมุด (ห้องเหลือง)
QY 25 ส748ค 2556 ฉ.8 
  
วิทยาศาสตร์สุขภาพ On Shelf
  ขอยืม
Note:งบประมาณปี 2558
9. วิทยาศาสตร์สุขภาพ
วิทยาศาสตร์สุขภาพ
สถานะ=หนังสือเก่า - บริการ ณ ห้องสมุด (ห้องเหลือง)
QY 25 ส748ค 2556 ฉ.9 
  
วิทยาศาสตร์สุขภาพ On Shelf
  ขอยืม
Note:งบประมาณปี 2558
10. วิทยาศาสตร์สุขภาพ
วิทยาศาสตร์สุขภาพ
สถานะ=หนังสือเก่า - บริการ ณ ห้องสมุด (ห้องเหลือง)
QY 25 ส748ค 2556 ฉ.10 
  
วิทยาศาสตร์สุขภาพ On Shelf
  ขอยืม
Note:งบประมาณปี 2558
   [แสดง 10/10 รายการ]

รายการใกล้เคียง
    หัวเรื่อง [พยาธิวิทยา]

BibComment


ยังไม่เคยถูกคอมเมนท์

คอมเมนท์ทรัพยากรรายการนี้
  คอมเมนท์: ความรู้พื้นฐานด้า..
Bib 210576

 
 
 

 Union Library Management : ULibM
Copyright 2026. All Rights Reserved.
скачать бесплатно без регистрации порно красивый секс HD Sex Hindi sex

xxx gou

xxxx

bfxxx

xxxwww

Секса Видео

xxxx

Секса Видео

detube

geilexxx

C99 Shell

worms shell

blod xxx video
Ebony Coed Rihanna Rimes Takes A Dick In Her Young Twat priyaa indian fuck anal and pusssy hardcore indian women xxx desi hardcore fucking part 1 bengalixxxcouple